000 00991nam a2200325 4500
999 _c23309
_d23309
001 vtls012077805
005 20220928132831.0
008 211118 xo 000 0 slo d
020 _a9788089822607
_q(viazana)
040 _erda
_csk
041 _aslo
_heng
044 _axo
_cSK
072 7 _a821.111(73)-3
_xAmerická próza
_2konspekt
080 _22011
080 _a821.111(73)-31
_22011
080 _a(0:82-311.6)
_22011
100 1 _aCiesielski, J’Nell
_4aut
_93308
240 1 _aThe Socialite
245 1 _aProminentka
_cJ’Nell Ciesielská, Sofia Skokanová
250 _aprvé vydanie
264 _a[Jezersko]
_bi527.net
_c2021
300 _a381 strán
_c21 cm
336 _atext
_btxt
_2rdacontent
337 _abez média
_bn
_2rdamedia
338 _azväzok
_bnc
_2rdacarrier
655 7 _aamerické romány
_2SNKPH
_92
655 7 _ahistorické romány
_2SNKPH
_91688
655 7 _aľúbostné romány
_2SNKPH
_913
700 _aSkokanová, Sofia,
_d1994-
_4trl
_93309